La Seguridad Jurd̕ica y las Verdades Oficiales del Derecho

Detalles Bibliográficos
Autor principal: Luna Serrano, Agustin
Formato: Libro
Lenguaje:español
Publicado: Madrid Dykinson 2015
Materias:
Acceso en línea:Acceso restringido

MARC

LEADER 00000nam a22000007a 4500
005 20160525100025.0
007 cr|||| ||u|
008 160525s2015 sp ||||| |||| 00||0 spa d
020 |a 978-84-9085-516-4 
035 |a 14267 
040 |a vLex  
090 |c 6143  |d 6143 
100 1 |a Luna Serrano, Agustin  
245 1 0 |a La Seguridad Jurd̕ica y las Verdades Oficiales del Derecho  |h [Recurso electrn̤ico] /  |c Agustin Luna Serrano  
256 |a Servicio en ln̕ea 
260 |a Madrid  |b Dykinson  |c 2015 
300 |a 1 recurso electrn̤ico  
506 1 |a Contenido solo disponible en los productos indicados  |d vLex Global  |d vLex Global (Academic Edition, excluding Law Schools)  |d vLex Global (U.S. Academic Edition, Law Schools)  |d vLex Global (U.S. Academic Edition, excluding Law Schools)  |d vLex Global (Academic Edition, Law Schools) 
650 0 4 |a Derecho  |z Espaą 
740 0 |a vLex libros (servicio en ln̕ea)  
856 4 0 |u http://vlex.com/source/seguridad-juridica-verdades-oficiales-derecho-14267  |z Acceso restringido 
942 |c BOOK 
999 0 |a Law  |b Spain